书目信息 |
| 题名: |
DIRECTOR 6从入门到精通
|
|
| 作者: | 阿利斯 著 | |
| 分册: | ||
| 出版信息: | 北京 宇航出版社 1998.08 |
|
| 页数: | 720页 | |
| 开本: | 16开 | |
| 丛书名: | ||
| 单 册: | ||
| 中图分类: | TP311.56 | |
| 科图分类: | ||
| 主题词: | 软件 | |
| 电子资源: | ||
| ISBN: | 7-80144-118-4 | |
| 000 | 00564nam0 2200193 45 | |
| 001 | 0004170953 | |
| 005 | 20000417093110.1 | |
| 010 | @a7-80144-118-4@d62.00元 | |
| 100 | @a20000417d1998 km y0chiy0120 ea | |
| 101 | @achi | |
| 105 | @a z 000yy | |
| 200 | 1 | @aDIRECTOR 6从入门到精通@ADIRECTOR 6 Cong Ru Men DaoJing Tong@f(美)阿利斯等著@F(Mei)A Li Si Deng Zhu |
| 210 | @a北京@c宇航出版社@d1998.08 | |
| 215 | @a720页@d16开 | |
| 606 | 0 | @a软件 |
| 690 | @aTP311.56@v3 | |
| 701 | @a阿利斯@4著 | |
| 801 | @aCN@bPftUser@c20000417 | |
| 905 | @f1@b53054@dTP311.56@eA761 | |
| DIRECTOR 6从入门到精通/(美)阿利斯等著.-北京:宇航出版社,1998.08 |
| 720页;16开 |
| ISBN 7-80144-118-4:62.00元 |
| ● |
| 相关链接 |
|
|
|
正题名:DIRECTOR 6从入门到精通
索取号:TP311.56/A761
 
预约/预借
| 序号 | 登录号 | 条形码 | 馆藏地/架位号 | 状态 | 备注 |
| 1 | 53054 | 200530540 | 自科库301/ [索取号:TP311.56/A761] | 在馆 |